PAC-12 Football Members History - Statistics

General Stats
  • This quiz has been taken 83 times
  • The average score is 12 of 14
Answer Stats
Current Status Team % Correct
BIG TEN Oregon
100%
PAC-12 Oregon State
99%
BIG TEN Washington
99%
BIG TEN UCLA
97%
PAC-12 Washington State
97%
BIG TEN USC
96%
ACC Stanford
90%
ACC California
89%
Big 12 Utah
89%
Big 12 Arizona
87%
Big 12 Arizona State
87%
Big 12 Colorado
87%
Big Sky Montana
61%
Big Sky Idaho
55%
No matching quizzes found
Score Distribution
Percent of People with Each Score
Percentile by Number Answered
Your Score History
You have not taken this quiz